ՀՀ Գիտությունների ազգային ակադեմիայի հիմնարար գիտական գրադարան  =   Fundamental Scientific Library of NAS RA

Кормовые белки и биостимуляторы для животноводства : (Record no. 509665)

MARC details
000 -LEADER
fixed length control field 01037nam a2200205 a 4500
001 - CONTROL NUMBER
control field 000919719
003 - CONTROL NUMBER IDENTIFIER
control field AM-YEHGA
005 - DATE AND TIME OF LATEST TRANSACTION
control field 20250617163625.0
008 - FIXED-LENGTH DATA ELEMENTS--GENERAL INFORMATION
fixed length control field 121015s1961 ru r 000 0 rus d
040 ## - CATALOGING SOURCE
Original cataloging agency AM-YeHGA
041 0# - LANGUAGE CODE
Language code of text/sound track or separate title rus
090 ## - LOCALLY ASSIGNED LC-TYPE CALL NUMBER (OCLC); LOCAL CALL NUMBER (RLIN)
-- 513128
245 00 - TITLE STATEMENT
Title Кормовые белки и биостимуляторы для животноводства :
Remainder of title Сборник работ по получению кормовых веществ при помощи массовых культур микроорганизмов /
Statement of responsibility, etc. АН СССР, Всесоюз. микробиологическое о-во; Отв. ред. В.Я. Частухин.
260 ## - PUBLICATION, DISTRIBUTION, ETC.
Place of publication, distribution, etc. М. ;
-- Л. :
Name of publisher, distributor, etc. Изд-во АН СССР,
Date of publication, distribution, etc. 1961.
300 ## - PHYSICAL DESCRIPTION
Extent 165 с. :
Other physical details табл., рис. ;
Dimensions 22 см.
650 14 - SUBJECT ADDED ENTRY--TOPICAL TERM
Topical term or geographic name entry element Кормопроизводство
General subdivision Корма и их виды
700 1# - ADDED ENTRY--PERSONAL NAME
Personal name Частухин, В.Я.
Relator term ред.
Relationship edt
710 2# - ADDED ENTRY--CORPORATE NAME
Corporate name or jurisdiction name as entry element Всесоюзное микробиологическое общество АН СССР
942 ## - ADDED ENTRY ELEMENTS (KOHA)
Source of classification or shelving scheme Universal Decimal Classification
Koha item type Գրքեր / Books
Holdings
Withdrawn status Lost status Damaged status Not for loan Collection Home library Current library Date acquired Total checkouts Full call number Barcode Date last seen Price effective from Koha item type Public note
        General Fundamental Scientific Library Fundamental Scientific Library 15/06/2021   PII/53360 FL0650098 15/06/2021 15/06/2021 Գրքեր / Books 30 Days Loan
        General Fundamental Scientific Library Fundamental Scientific Library 01/07/2021   РII/55105 FL0651633 01/07/2021 01/07/2021 Գրքեր / Books 30 Days Loan


ՀՀ ԳԱԱ հիմնարար գիտական գրադարան
ՀՀ,Երևան 0019
Մարշալ Բաղրամյան 24/6
հեռախոս:(374-10) 52-47-50
Հետադարձ կապ

All site content, except where otherwise noted, is licensed under a
Creative Commons License